| 000 | 00752nam a22002057a 4500 | ||
|---|---|---|---|
| 999 |
_c2162 _d2162 |
||
| 003 | AR-CdUCM | ||
| 008 | 190304b ||||| |||| 00| 0 spa d | ||
| 040 |
_aMUNICIPALIDAD PROVINCIAL DEL CUSCO _cBIBLIOTECA MUNICIPAL DEL CUSCO |
||
| 082 |
_a345.3 / _bG74 |
||
| 100 |
_aGorphe, Francois _97801 |
||
| 245 | _aDe la apreciación de las pruebas / | ||
| 260 |
_aBuenos Aires : _bJurídicas Europa-América, _c1955. |
||
| 300 |
_a525 paginas : _c23 cm. |
||
| 505 | _aLos diversos procedimiento y el método general -- Los procesos lógicos de los medios de prueba --Las investigaciones psicológicas ... | ||
| 650 |
_aPrueba penal _97802 |
||
| 650 |
_aComprobaciones Judiciales _97803 |
||
| 650 |
_aTestimonios _9915 |
||
| 942 |
_2ddc _cLIBROS |
||
| 945 | _aacv | ||